LEADER 01142nam--2200385---450- 001 990000310740203316 010 $a0-521-56329-1 035 $a0031074 035 $aUSA010031074 035 $a(ALEPH)000031074USA01 035 $a0031074 100 $a20001206d2000----km-y0itay0103----ba 101 $aeng 102 $aGB 105 $a||||||||001yy 200 1 $aLeda$ea platform for combinatorial and geometric computing$fKurt Mehlhorn, Stefan Naher 210 $aCambridge$cUniversity Press,$dc2000 215 $aXVI, 1018 p.$cill.$d25 cm 410 $12001 461 1$1001-------$12001 610 0 $aLinguaggio C++ 610 0 $aProgramma LEDA 702 1$aNAHER,$bStefan 801 0$aIT$bsalbc$gISBD 912 $a990000310740203316 951 $a005.133 MEH (A)$bCBS 0025400$c005$d00100359 951 $a005.133 MEH (B)$bCBS 0025418$c005$d00100378 951 $a005.133 MEH (C)$bCBS 0025840$c005$d00103489 959 $aBK 969 $aSCI 979 $aPATTY$b90$c20001206$lUSA01$h1536 979 $c20020403$lUSA01$h1639 979 $aPATRY$b90$c20040406$lUSA01$h1622 996 $aLeda$9879371 997 $aUNISA